Will Rogers : young cowboy /

Bibliographic Details
Main Author: Van Riper, Guernesy, 1909-
Format: Book
Language:English
Published: Indianapolis : Bobbs-Merrill, [1951]
Edition:[1st ed.].
Series:Childhood of famous Americans series.
Subjects:

MARC

Tag First Indicator Second Indicator Subfields
LEADER 00000cam a2200000 4500
001 in00000347821
005 20151011070502.0
008 750911s1951 inua 00011 eng
010 |a  51010118  
035 |a (OCoLC)01618743 
035 |9 ABN8234AM 
040 |a DLC  |c DZM  |d TXA  |d UtOrBLW 
049 |a TXAS  |c [1097447] 
050 0 0 |a PZ7.V348  |b Wi 
100 1 |a Van Riper, Guernesy,  |d 1909- 
245 1 0 |a Will Rogers :  |b young cowboy /  |c illustrated by Paul Laune. 
250 |a [1st ed.]. 
264 1 |a Indianapolis :  |b Bobbs-Merrill,  |c [1951] 
300 |a 196 pages :  |b illustrations ;  |c 20 cm. 
336 |a text  |b txt  |2 rdacontent 
337 |a unmediated  |b n  |2 rdamedia 
338 |a volume  |b nc  |2 rdacarrier 
490 1 |a The Childhood of famous Americans series 
600 1 0 |a Rogers, Will,  |d 1879-1935  |x Fiction. 
830 0 |a Childhood of famous Americans series. 
999 |a MARS 
999 f f |s 9a6afbfc-b5c9-3d1c-9f0f-4c233b286f66  |i 4a180a3f-3603-3e25-90eb-3d54922ef8b8  |t 0 
952 f f |p noncirc  |a Texas A&M University  |b College Station  |c Cushing Memorial Library & Archives  |d Cushing: Dykes (Does not check out)  |t 0  |e PZ7.V348 Wi  |h Library of Congress classification  |i unmediated -- volume  |m A14851912023 
998 f f |a PZ7.V348 Wi  |t 0  |l Cushing: Dykes (Does not check out)